| Tag |
First Indicator |
Second Indicator |
Subfields |
| LEADER |
00000cam a22000001i 4500 |
| 001 |
in00005671668 |
| 008 |
250124t20252025nyua e 6 000 1 eng d |
| 005 |
20251218172404.7 |
| 035 |
|
|
|a (OCoLC)on1484603983
|
| 040 |
|
|
|a YDX
|e rda
|c YDX
|d WIM
|d IUK
|d SDG
|d TOH
|d NMW
|d TXA
|
| 020 |
|
|
|a 9781302952006
|q (pbk)
|
| 020 |
|
|
|a 1302952005
|q (pbk)
|
| 035 |
|
|
|a (OCoLC)1484603983
|
| 082 |
0 |
|
|a 741.5/973
|2 23
|
| 090 |
|
|
|a PN6728.A9
|b H53 2025
|
| 100 |
1 |
|
|a Hickman, Jonathan,
|e author.
|
| 240 |
1 |
0 |
|a Comic books.
|k Selections
|
| 245 |
1 |
0 |
|a Aliens vs. Avengers /
|c writter, Jonathan Hickman ; artist, Esad Ribic ; color artist, Ive Svorcina ; letterer, VC's Cory Petit.
|
| 246 |
3 |
|
|a Aliens versus Avengers
|
| 264 |
|
1 |
|a New York :
|b Marvel Worldwide, Inc.,
|c [2025].
|
| 264 |
|
4 |
|c ©2025.
|
| 300 |
|
|
|a 1 volume (unpaged) :
|b color illustrations ;
|c 26 cm.
|
| 336 |
|
|
|a text
|b txt
|2 rdacontent
|
| 336 |
|
|
|a still image
|b sti
|2 rdacontent
|
| 337 |
|
|
|a unmediated
|b n
|2 rdamedia
|
| 338 |
|
|
|a volume
|b nc
|2 rdacarrier
|
| 500 |
|
|
|a Originally published in magazine form as Aliens vs. Avengers #1-4.
|
| 520 |
|
|
|a Earth's Mightiest Heroes Face the Ultimate Extraterrestrial Terror! From legendary Marvel creators Jonathan Hickman and Esad Ribic, the acclaimed duo behind the best-selling graphic novel Secret Wars, comes an explosive crossover event decades in the making! In a future Earth ravaged by terror, the unstoppable Xenomorphs descend upon our planet, pitting the perfect organism against a world of superhumans. As the Avengers rise in defense, they face unimaginable loss as the gods of creation known as the Engineers set out to destroy what they made. What catastrophic events led to the fall of humanity and forced the Avengers to abandon their home planet? Which heroes will be first to fall, and which will be forever changed by the encounter with the Xenomorphs? Discover the answers as Hickman and Ribić weave a pulse-pounding saga where survival is never guaranteed, and vengeance must be earned. Collecting the complete four-issue miniseries, this adventure is a must-have for fans of both the Marvel and Alien franchises, as well as those excited for Noah Hawley's upcoming FX television series Alien: Earth.
|
| 650 |
|
0 |
|a Avengers (Fictitious characters)
|v Comic books, strips, etc.
|
| 650 |
|
0 |
|a Xenomorphs (Fictitious characters)
|v Comic books, strips, etc.
|
| 650 |
|
0 |
|a Human-alien encounters
|v Comic books, strips, etc.
|
| 650 |
|
0 |
|a Superheroes
|v Comic books, strips, etc.
|
| 650 |
|
0 |
|a Monsters
|v Comic books, strips, etc.
|
| 650 |
|
0 |
|a Comic books, strips, etc.
|z United States.
|
| 700 |
1 |
|
|a Ribic, Esad,
|e illustrator.
|
| 700 |
1 |
|
|a Svorcina, Ive,
|e color artist.
|
| 700 |
1 |
|
|a Petit, Cory,
|e letterer.
|
| 948 |
|
|
|h NO HOLDINGS IN TXA - 130 OTHER HOLDINGS
|
| 994 |
|
|
|a Z0
|b TXA
|
| 999 |
f |
f |
|s 049b8fd2-b2e0-4554-8e9d-c3ed58c40f34
|i c6b73de7-696d-468d-8d9b-ff25b0e870b9
|t 0
|
| 952 |
f |
f |
|p normal
|a Texas A&M University
|b College Station
|c Sterling C. Evans Library
|d Evans: Library Stacks
|t 0
|e PN6728.A9 H53 2025
|h Library of Congress classification
|i unmediated -- volume
|m A14852788927
|
| 998 |
f |
f |
|a PN6728.A9 H53 2025
|t 0
|l Evans: Library Stacks
|